Normal view
MARC view
- Pandey,Manju
Entry Personal Name
001 - CONTROL NUMBER
- control field: 2440
003 - CONTROL NUMBER IDENTIFIER
- control field: NUST
005 - DATE AND TIME OF LATEST TRANSACTION
- control field: 20170612114007.0
008 - FIXED-LENGTH DATA ELEMENTS
- fixed length control field: 170612|| aca||aabn | a|a d
040 ## - CATALOGING SOURCE
- Original cataloging agency: NUST
- Transcribing agency: NUST
100 ## - HEADING--PERSONAL NAME
- Personal name: Pandey,Manju
670 ## - SOURCE DATA FOUND
- Source citation: Work cat.: (NUST): Pandey,Manju, Biostatistics:, 2015
